000
00220nam a22000857a 4500
008
160705b xxu||||| |||| 00| 0 eng d
100
_9
2097
_a
Mittal, A
245
_a
Teaching of Chemistry
260
_a
New Delhi
_b
A.P.H.
_c
2004
999
_c
1792
_d
1792